Potenciál SR v rozvoji incentívneho cestovného ruchu

Slovensko ako perspektívna krajina pre incentívny cestovný ruch. Faktory konkurencieschopnosti ponuky incentívnych podujatí v SR. Výsledky dotazníkového prieskumu, ktorý sa týkal konkurenčnej schopnosti Slovenska v ponuke incentívnych podujatí. Najlepšie hodnotená atraktívnosť prostredia. Kriticky v...

Descripción completa

Guardado en:
Detalles Bibliográficos
Autor principal: Magátová, Michaela
Formato: Capítulo de libro
Lenguaje:eslovaco
Materias:
Etiquetas: Agregar Etiqueta
Sin Etiquetas, Sea el primero en etiquetar este registro!

MARC

LEADER 00000naa$a2200000$$$4500
001 0051344
005 20240502071611.3
041 0 |a slo 
044 |a SK 
245 1 0 |a Potenciál SR v rozvoji incentívneho cestovného ruchu  |c Michaela Magátová 
520 |a Slovensko ako perspektívna krajina pre incentívny cestovný ruch. Faktory konkurencieschopnosti ponuky incentívnych podujatí v SR. Výsledky dotazníkového prieskumu, ktorý sa týkal konkurenčnej schopnosti Slovenska v ponuke incentívnych podujatí. Najlepšie hodnotená atraktívnosť prostredia. Kriticky vnímaná dopravná infraštruktúra. 
610 2 0 |a ruch cestovný kongresový 
610 2 0 |a konkurencieschopnosť 
610 2 0 |a služby 
610 2 0 |a zariadenia ubytovacie 
610 2 0 |a kvalita 
610 2 0 |a ceny 
610 2 0 |a infraštruktúra 
610 2 0 |a Slovensko 
100 1 |a Magátová, Michaela